000 00485nam a2200157 a 4500
005 20140414093845.0
008 091013s19uu xx 00 eng d
050 _aVCD 374.001
_bW63(2) 2000
100 _aWiggins, Grant
245 _aUnderstanding by design using the backward design process /
_cGrant Wiggins.
650 _aCurriculum planning
_xUnited States.
650 _aCurriculum based
_xassessment
_xUnited States.
650 _aLearning.
942 _cAVM
999 _c109549
_d109549